000
00424nam a2200145Ia 4500
008
100122s9999 xx 000 0 und d
082
_b
60026
_a
823.08
100
_a
पोरे सुरेश
245
_a
मोगरा फुलला
260
_b
सुदिन ग्रंथ
_c
2001
300
_a
133
630
_a
मोगरा फुलला
730
_a
मोगरा फुलला
942
_c
BOOK
999
_c
435307
_d
435304